Doutores da Igreja Católica - Statistics

Estatísticas Gerais
  • Esse quiz foi jogado 156 vezes
  • A pontuação média é 10 de 36
Estatísticas das Respostas
Hint Resposta % Correto
Doctor Gratiae; Doutor da Graça Santo Agostinho
94%
Doctor Angelicus; Doutor dos Anjos Santo Tomás de Aquino
85%
Fundadora da Ordem dos Carmelitas Descalços Santa Teresa d'Ávila
66%
Juntamente com São Francisco de Assis, é uma das santas mais populares da história da Igreja. Santa Teresinha do Menino Jesus
65%
O Grande; Magno; Papa São Gregório
57%
Doctor Ecclesiae; Doutor da Igreja; Papa São Leão Magno
57%
Tradutor da Bíblia São Jerônimo
55%
Chrysostomos; o "Boca de Ouro" São João Crisóstomo
50%
Doctor Evangelicus; Doutor Evangélico Santo Antônio de Pádua
46%
Bispo de Milão Santo Ambrósio
45%
Mística e visionária Santa Catarina de Siena
41%
Contra Mundum; Contra o Mundo Santo Atanásio
31%
Importante teóloga e acadêmica de sua época Santa Hildegarda de Bingen
28%
Doctor Mellifluus; Doutor Melífluo (da qualidade do mel) São Bernardo de Claraval
28%
Doctor Mysticus; Doutor Místico São João da Cruz
25%
Patrono dos escritores e jornalistas, São Francisco de Sales
23%
Doctor Zelantissimus; Doutor Zelosíssimo Santo Afonso de Ligório
22%
Bispo de Sevilha Santo Isidoro de Sevilha
19%
Chrysologos; o "Palavras de Ouro" São Pedro Crisólogo
19%
Doctor Universalis; Doutor Universal Santo Alberto Magno
18%
Doctor Marianus; Doutor Mariano Santo Anselmo
16%
Doctor Seraphicus; Doutor Seráfico São Boaventura
16%
Bispo de Cesareia São Basílio de Cesareia
12%
Doctor Anglorum; Doutor dos Anglos São Beda
12%
Doctor Assumptionis; Doutor da Assunção São João Damasceno
12%
Cardeal-bispo de Óstia São Pedro Damião
11%
Doutor dos Sírios Santo Efrem da Síria
10%
Malleus Arianorum; Martelo dos Arianos Santo Hilário de Poitiers
9%
Malleus Hereticus; Martelo dos Hereges São Pedro Canísio
9%
Adversário da Reforma Protestante São Roberto Belarmino
9%
Arcebispo de Alexandria São Cirilo de Alexandria
7%
Patriarca de Jerusalém São Cirilo de Jerusalém
7%
Arcebispo de Constantinopla São Gregório de Nazianzo
6%
Apóstolo da Andaluzia São João d'Ávila
6%
Monge, teólogo, filosofo e poeta medieval; Mariólogo São Gregório de Nareque
4%
Doctor Apostolicus; Doutor Apostólico São Lourenço de Brindisi
4%
Nenhum quiz correspondente encontrado
Distribuição das Pontuações
Porcentagem de Pessoas com Cada Pontuação
Percentil de Números Respondidos
Sua Pontuação Histórica
Você não jogou esse quiz